Responses for show #7867 - Tuesday, November 20, 2018

2018 Teen Tournament final game 2.

Contestants

[<< previous game]

Maya Wright, a senior from Peachtree City, Georgia (subtotal of $7,800)

Claire Sattler, a senior from Bonita Springs, Florida (subtotal of $21,800)

Emma Arnold, a junior from Owings Mills, Maryland (subtotal of $19,000)

[next game >>]

Jeopardy! Round responses

SCORPIOS
THE OLYMPICS
THE HUMAN BODY
SILENT "G"
THE LAST
RESORT
    $200 10
appendix

Maya
    $200 1
a drought

Maya
    $200 12
Return of the King

Maya
    $200 20
a water slide

Maya
    $400 28
[The end-of-round signal sounds.]

the Girl Scouts

Emma
    $400 17
the marathon

Triple Stumper
    $400 9
white blood cells

Claire
    $400 2
reign

Maya
    $400 13
Christmas

Triple Stumper
    $400 21
surfing

Claire
    $600 27
Teddy Roosevelt

Triple Stumper
    $600 11
Michael Phelps

Claire
    $600 6
the medulla

Maya
    $600 3
a gnome

Emma
    $600 14
the United States

Triple Stumper
    $600 22
a spa

Maya
    $800 26
Monet

Claire
    $1,000 15
stronger

Maya
    $800 7
a palate

Claire
    $800 4
neighbor

Claire
    $800 18
(Emma: What is the 23rd?)

the 27th

Emma
Triple Stumper
    $800 23
(Alex: With less than a minute.)

a ghost town

Claire
    $1000 25
Rorschach

Emma
    $1000 16
Shaun White

Claire
    $1000 8
pericardium

Maya
    $1000 5
a gnu

Triple Stumper
    $1000 19
the Cretaceous

Triple Stumper
    $1000 24
a dude ranch

Triple Stumper

Scores at the first commercial break (after clue 15):

Emma Claire Maya
$600 $2,600 $3,600

Scores at the end of the Jeopardy! Round:

Emma Claire Maya
$1,200 $5,600 $4,400

Double Jeopardy! Round responses

WHAT KILLED ME?
(Alex: Not who, but what. The manner of death.)
AMERICAN LITERATURE
HISTORIC TRIOS
ROOM SERVICE
ASIAN GEOGRAPHY
FORWARDS & BACKWARDS
(Alex: We'll need two words for each response, and each one will be the reverse of the other.)
    $400 10
(Maya: What is a house?)
...
(Alex: [*]. "I'm melting!")

water

ClaireMaya
    $400 2
To Kill a Mockingbird

Maya
    $400 30
the Titanic

Claire
    $400 24
a ballroom

Maya
    $400 14
Mt. Fuji

Emma
    $400 19
wolf and flow

Emma
    $800 11
poison

Triple Stumper
    $800 3
Fahrenheit 451

Claire
    $800 26
smallpox

Claire
    $800 25
a powder room

Emma
    $800 15
Iraq

Maya
    $800 20
edit and tide

Claire
    $1200 12
(Alex: Good thing you didn't watch that series.)

hit by a subway train

Triple Stumper
    $1200 4
Holden Caulfield

Claire
    $1200 7
Apollo 11

Claire
    $1200 27
a playroom

Claire
    $1200 16
the Philippines

Claire
    $1200 21
(Maya: What is liar and rile? Rail?)

liar and rail

Maya
    $1600 13
hit by a car

Claire
    $1600 5
12 Years a Slave

Maya
    $2,000 8
(Claire: What is Edward?)

Henry

Claire
    $1600 28
an attic

Emma
    $1600 17
(Emma: What are Beijing and Hong Kong?)

Beijing and Shanghai

EmmaClaire
    $1600 22
leper and repel

Claire
    $2000 1
an arrow

Triple Stumper
    $2000 6
(Claire: Who is Thoreau?)
...
(Alex: Now is the day for [*].)

Emerson

ClaireMaya
    $2000 9
(Claire: What is the U.S.?)

France

EmmaClaire
    $2000 29
a studio

Emma
    $2,000 18
the Caspian Sea

Claire
    $2000 23
diaper and repaid

Claire

Scores at the end of the Double Jeopardy! Round:

Emma Claire Maya
$6,800 $16,400 $10,400
(lock tournament)

[wagering suggestions for these scores]

Final Jeopardy! Round responses

AMERICANA
(Alex: [To Claire] Think of George Washington and the [*] tree, or the annual [*] blossom festival.
EmmaWhat is... That was fun!
$6,800
MayaWhat is an apple?
$7,800
ClaireWhat is the apple? idk! (I ♥ U all! Thank you so much!)
$0
cherry

Final scores:

Emma Claire Maya
$0 $16,400 $2,600

Cumulative scores:

Emma Claire Maya
$19,000 $38,200 $10,400
1st runner-up: $50,000 Tournament champion: $100,000 2nd runner-up: $25,000

Game dynamics:

Coryat scores:

Emma Claire Maya
$6,800 $18,400 $10,200
9 R,
2 W
22 R
(including 1 DD),
3 W
(including 1 DD)
15 R
(including 1 DD),
1 W

Combined Coryat: $35,400

The J! Archive is created by fans, for fans. The Jeopardy! game show and all elements thereof, including but not limited to copyright and trademark thereto, are the property of Jeopardy Productions, Inc. and are protected under law. This website is not affiliated with, sponsored by, or operated by Jeopardy Productions, Inc. Join the discussion at JBoard.tv.